| 000 | 00504nam a22002057a 4500 | ||
|---|---|---|---|
| 003 | OSt | ||
| 005 | 20200306084102.0 | ||
| 008 | 200306b xxu||||| |||| 00| 0 spa d | ||
| 020 | _a84-323-0118-3 | ||
| 040 | _cBiblioteca Ernesto Sábato | ||
| 092 |
_a909 _bHU10 |
||
| 100 | _aDhondt, Jan | ||
| 245 | _aLa Alta Edad Media | ||
| 250 | _a4a. ed. | ||
| 260 |
_aMadrid _bSiglo XXI _c1974 |
||
| 300 | _a426 p | ||
| 440 |
_aHistoria Universal Siglo XXI _n 10 |
||
| 650 | _aEDAD MEDIA | ||
| 942 |
_2ddc _cBDGR |
||
| 999 |
_c34468 _d34468 |
||